000 00476nam a2200157Ia 4500
999 _c20049
_d20049
003 OSt
005 20200706121249.0
008 190216s9999||||xx |||||||||||||| ||und||
040 _coclc
082 _a940.28
_bBIN/R
100 _aBinkley, Robert C
_93561
245 0 _aRealism And Nationalism 1852-1871 /
_c Robert C Binkley
260 _bHarper & Row Publishers,
_c1963.
_aNew York:
300 _a350p
942 _cBK
_2ddc
_h940.28
_iBIN/R
_k940.28
_mBIN/R